Writing Handbooks Freelance Writing For Newspapers (Record no. 4085)

MARC details
000 -LEADER
fixed length control field 00415nam a22001577a 4500
008 - FIXED-LENGTH DATA ELEMENTS--GENERAL INFORMATION
fixed length control field 250703b |||||||| |||| 00| 0 eng d
020 ## - INTERNATIONAL STANDARD BOOK NUMBER
ISBN 0713663634
100 ## - MAIN ENTRY--AUTHOR
Author Dick Jill
245 ## - TITLE STATEMENT
Title Writing Handbooks Freelance Writing For Newspapers
250 ## - EDITION STATEMENT
Edition statement 3rd
260 ## - PUBLICATION, DISTRIBUTION, ETC. (IMPRINT)
Place of publication London
Name of publisher A&C Black Publishers Limited
Date of publication 2003
300 ## - COLLATION
Pagination 186p.
650 ## - TRACINGS
Main Subject freelance journalism
942 ## - ADDED ENTRY ELEMENTS (KOHA)
Item type Books
050 ## - LIBRARY OF CONGRESS CALL NUMBER
Classification number PN 4784
Item number .D53
Holdings
Source of classification or shelving scheme Not for loan Permanent location Current location Date acquired Accession No. Full call number Barcode. Koha item type
Library of Congress Classification   Samuel Ogbemudia Main Library, University of Abuja Samuel Ogbemudia Main Library, University of Abuja 07/03/2025 2024/62250 PN 4784 .D53 2025-2813 Books